|
|
|
|
| LEADER |
00000cas a2200000 a 4500 |
| 001 |
vtls008881054 |
| 003 |
SK-MaSNL |
| 005 |
20260228162114.0 |
| 008 |
160609d19942002xxutr n 0 0 a0eng c |
| 035 |
|
|
|a (SVKBB03)vtls000048147
|
| 040 |
|
|
|a SVKBB
|b slo
|c SVKBB
|d SNK
|e AACR2
|
| 041 |
0 |
|
|a eng
|a slo
|
| 043 |
|
|
|a n-us---
|
| 044 |
|
|
|a xxu
|c US
|
| 072 |
|
7 |
|a 323
|x Vnútropolitický vývoj, politický život
|2 konspekt
|
| 080 |
|
|
|a 323.113
|2 2001
|
| 080 |
|
|
|a (73)
|2 2001
|
| 080 |
|
|
|a (=162.4)
|2 2001
|
| 080 |
|
|
|a 314.15-026.49(051)+(054)
|2 2011
|
| 080 |
|
|
|a 351.752.17(051)
|2 2011
|
| 080 |
|
|
|a 323.15(051)
|2 2011
|
| 245 |
0 |
4 |
|a The Slovak-American Newsletter
|
| 246 |
3 |
1 |
|a Slovensko-americký spravodaj
|
| 260 |
|
|
|a Naperville
|b Slovak American Cultural Society of the Midwest
|c 1994-[2002]
|
| 300 |
|
|
|a 8 zv.
|c 35 cm
|
| 310 |
|
|
|a 3x ročne
|
| 362 |
0 |
|
|a Roč. 4, č. 3 (1994)-roč. 12, č. 1 [2002]
|
| 500 |
|
|
|a Text v niektorých číslach čiastočne aj v slovenskom jazyku
|
| 500 |
|
|
|a Red.: Thomas Klimek
|
| 610 |
2 |
7 |
|a Slovak American Cultural Society of the Midwest
|2 SNKKA
|9 270187
|
| 650 |
0 |
7 |
|a Slováci v zahraničí
|2 SNKPH
|9 14695
|
| 651 |
|
7 |
|a Spojené štáty americké
|2 SNKPHgeo
|9 18262
|
| 655 |
|
7 |
|a krajanské periodiká
|2 SNKPH
|9 110004
|
| 655 |
|
7 |
|a časopisy záujmových združení a spolkov
|2 SNKPH
|9 141943
|
| 655 |
|
7 |
|a časopisy národnostných menšín
|2 SNKPH
|9 125411
|
| 780 |
0 |
0 |
|t Slovak American Cultural Society of the Midwest
|w vtls001176292
|
| 910 |
|
|
|a snk
|
| 958 |
|
|
|a OND
|
| 999 |
|
|
|c 6822
|d 8752
|
| 952 |
|
|
|0 0
|1 0
|4 0
|7 0
|8 2
|a SNK
|b SNK
|d 2017-02-21
|i snk2017/4730
|l 0
|o snkČSB 4911/11/2001 D1
|p 17A1205151
|r 2026-02-21 20:19:05
|t č. 1-3
|w 2026-02-21
|y PREZ
|
| 952 |
|
|
|0 0
|1 0
|4 0
|7 0
|8 2
|a SNK
|b SNK
|d 2015-11-24
|f 1
|i snkČV 2000/128
|l 0
|o snkČSB 4911/4/1994
|p 17A0899792
|r 2026-02-21 21:46:47
|t č. 3
|w 2026-02-21
|y PREZ
|
| 952 |
|
|
|0 0
|1 0
|4 0
|7 0
|8 2
|a SNK
|b SNK
|d 2015-11-24
|i snkČV 2000/129
|l 0
|o snkČSB 4911/4/1994 D1
|p 17A1089204
|r 2026-02-21 21:46:47
|t č. 3
|w 2026-02-21
|y PREZ
|
| 952 |
|
|
|0 0
|1 0
|4 0
|7 0
|8 2
|a SNK
|b SNK
|d 2015-11-24
|f 1
|i snkČV 2000/130
|l 0
|o snkČSB 4911/5/1995
|p 17A0899807
|r 2026-02-21 21:46:47
|t č. 1-3
|w 2026-02-21
|y PREZ
|
| 952 |
|
|
|0 0
|1 0
|4 0
|7 0
|8 2
|a SNK
|b SNK
|d 2015-11-24
|i snkČV 2000/131
|l 0
|o snkČSB 4911/5/1995 D1
|p 17A1089205
|r 2026-02-21 21:46:47
|t č. 1-3
|w 2026-02-21
|y PREZ
|
| 952 |
|
|
|0 0
|1 0
|4 0
|7 0
|8 2
|a SNK
|b SNK
|d 2015-11-24
|f 1
|i snkČV 2000/132
|l 0
|o snkČSB 4911/6/1996
|p 17A0899808
|r 2026-02-21 21:46:47
|t č. 1-3
|w 2026-02-21
|y PREZ
|
| 952 |
|
|
|0 0
|1 0
|4 0
|7 0
|8 2
|a SNK
|b SNK
|d 2015-11-24
|f 1
|i snkČV 2000/134
|l 0
|o snkČSB 4911/7/1997
|p 17A0899806
|r 2026-02-21 21:46:47
|t č. 1-3
|w 2026-02-21
|y PREZ
|
| 952 |
|
|
|0 0
|1 0
|4 0
|7 0
|8 2
|a SNK
|b SNK
|d 2015-11-24
|f 1
|i snkČV 2002/1163
|l 0
|o snkČSB 4911/8/1998
|p 17A0899809
|r 2026-02-21 21:46:47
|t č. 1-3
|w 2026-02-21
|y PREZ
|
| 952 |
|
|
|0 0
|1 0
|4 0
|7 0
|a SNK
|b SNK
|d 2015-11-24
|f 1
|i snkČV 2002/1161
|l 0
|o snkČSB 4911/9/1999
|p 17A0899804
|r 2026-02-21 21:46:47
|t č. 1-3
|w 2026-02-21
|y PREZ
|
| 952 |
|
|
|0 0
|1 0
|4 0
|7 0
|a SNK
|b SNK
|d 2015-11-24
|f 1
|i snkČV 2002/1160
|l 0
|o snkČSB 4911/10/2000
|p 17A0899788
|r 2026-02-21 21:46:47
|t č. 1-3
|w 2026-02-21
|y PREZ
|
| 952 |
|
|
|0 0
|1 0
|4 0
|7 0
|8 2
|a SNK
|b SNK
|d 2015-11-24
|i snkČV 2000/133
|l 0
|o snkČSB 4911/6/1996 D1
|p 17A1089206
|r 2026-02-21 21:46:47
|t č. 1-3
|w 2026-02-21
|y PREZ
|
| 952 |
|
|
|0 0
|1 0
|4 0
|7 0
|8 2
|a SNK
|b SNK
|d 2015-11-24
|i snkČV 2000/135
|l 0
|o snkČSB 4911/7/1997 D1
|p 17A1089207
|r 2026-02-21 21:46:47
|t č. 1-3
|w 2026-02-21
|y PREZ
|
| 952 |
|
|
|0 0
|1 0
|4 0
|7 0
|8 2
|a SNK
|b SNK
|d 2015-11-24
|i snkČV 2002/1164
|l 0
|o snkČSB 4911/8/1998 D1
|p 17A1089208
|r 2026-02-21 21:46:47
|t č. 1-3
|w 2026-02-21
|y PREZ
|
| 952 |
|
|
|0 0
|1 0
|4 0
|7 0
|8 2
|a SNK
|b SNK
|d 2015-11-24
|i snkČV 2002/1162
|l 0
|o snkČSB 4911/9/1999 D1
|p 17A1089209
|r 2026-02-21 21:46:47
|t č. 1-3
|w 2026-02-21
|y PREZ
|
| 952 |
|
|
|0 0
|1 0
|4 0
|7 0
|8 2
|a SNK
|b SNK
|d 2017-02-21
|i snk2017/4728
|l 0
|o snkČSB 4911/11/2001
|p 17A1205150
|r 2026-02-21 21:55:40
|t č. 1-3
|w 2026-02-21
|y PREZ
|
| 952 |
|
|
|0 0
|1 0
|4 0
|7 0
|8 2
|a SNK
|b SNK
|d 2017-02-21
|i snk2017/4758
|l 0
|o snkČSB 4911/12/2002
|p 17A1205152
|r 2026-02-21 21:55:40
|t č. 1-3, neúplné
|w 2026-02-21
|y PREZ
|z Chýba č. 2-3
|